Top 15 Ice Cream Flavors Quiz Stats

 Plays Quiz not verified by Sporcle

Challenge
Share
Tweet
Embed
Score 0/15 Timer 03:00
0 Plays Today
% Correct
Vanilla
98.3%
Chocolate
97.2%
Strawberry
52%
Butter Pecan
30.5%
Chocolate Chip
25.4%
Rocky Road
23.2%
Cookies and Cream
19.2%
Coffee
18.6%
% Correct
Cherry
13.6%
French Vanilla
9%
Neapolitan
8.5%
Praline Pecan
1.1%
Vanilla Fudge Ripple
0.6%
Chocolate Marshmallow
0.6%
Chocolate Almond
0%

You're not logged in!

Compare scores with friends on all Sporcle quizzes.
OR
Log In

You Might Also Like...

Show Comments

Extras

Created Dec 21, 2010ReportNominate
Tags:cream, flavor, ice, Ice Cream, Top 15

Top Quizzes Today


Score Distribution

Your Account Isn't Verified!

In order to create a playlist on Sporcle, you need to verify the email address you used during registration. Go to your Sporcle Settings to finish the process.

Report this User

Report this user for behavior that violates our Community Guidelines.

Details: